000 00667nam a2200217Ia 4500
005 20241129110945.0
008 241129s9999||||xx |||||||||||||| ||und||
020 _a978-81-7824-646-8
037 _aTB
040 _aCRL
_beng
_cCRL
041 _aeng
_2eng
084 _aV2 R3
_qCRL
100 _aXavier Angela Barreto Au.
_9722952
245 0 _aReligions empire in portuguese India: conversion, resistance, and the making of Goa
_cXavier Angela Barreto Au.
260 _aRanikhet, India
_bRanikhet Permanent Black
_c2023
300 _axviii,407p.
365 _aINR
_b1095
650 _aIndian History
942 _cTB
_hV2 R3
999 _c1228274
_d1228274